[Event "DVM U14 2023"]
[Site "Magdeburg GER"]
[Date "2023.12.28"]
[Round "4"]
[White "Stettner, Oskar"]
[Black "da Costa Silva, Pepe"]
[Result "1-0"]
[Termination "normal"]
[Board "6.4"]
[WhiteElo "1393"]
[BlackElo "1087"]
[WhiteClock "01:26:49"]
[BlackClock "00:55:59"]
[WhiteTeam "TSG Oberschöneweide"]
[BlackTeam "SK König Plauen"]
[PlyCount "66"]
[WhiteFideId "34617035"]
[BlackFideId "16282000"]
[EventCountry "GER"]
[EventRounds "7"]
[EventType "team-swiss"]
[EventDate "2023.12.26"]

1. e4 {[%clk 01:30:56]} {[%emt 00:00:03]} c5 {[%clk 01:30:53]} {[%emt
00:00:09]} 2. d3 {[%clk 01:31:23]} {[%emt 00:00:03]} Nc6 {[%clk 01:30:49]}
{[%emt 00:00:34]} 3. f4 {[%clk 01:31:44]} {[%emt 00:00:08]} e6 {[%clk
01:30:58]} {[%emt 00:00:22]} 4. Nf3 {[%clk 01:32:09]} {[%emt 00:00:06]} d5
{[%clk 01:30:45]} {[%emt 00:00:42]} 5. Be2 {[%clk 01:32:33]} {[%emt 00:00:05]}
Qb6 {[%clk 01:28:42]} {[%emt 00:02:34]} 6. O-O {[%clk 01:30:08]} {[%emt
00:02:55]} c4+ {[%clk 01:28:00]} {[%emt 00:01:12]} 7. Kh1 {[%clk 01:30:36]}
{[%emt 00:00:02]} Bc5 {[%clk 01:26:56]} {[%emt 00:01:34]} 8. exd5 {[%clk
01:29:56]} {[%emt 00:01:11]} exd5 {[%clk 01:26:36]} {[%emt 00:00:48]} 9. dxc4
{[%clk 01:29:54]} {[%emt 00:00:33]} dxc4 {[%clk 01:26:09]} {[%emt 00:00:58]}
10. Bxc4 {[%clk 01:29:22]} {[%emt 00:01:02]} Nge7 {[%clk 01:24:43]} {[%emt
00:01:54]} 11. Ng5 {[%clk 01:27:33]} {[%emt 00:02:20]} f6 {[%clk 01:14:32]}
{[%emt 00:10:40]} 12. Ne4 {[%clk 01:25:01]} {[%emt 00:03:03]} Bf5 {[%clk
01:10:56]} {[%emt 00:04:06]} 13. Qh5+ {[%clk 01:23:36]} {[%emt 00:01:58]} Bg6
{[%clk 01:08:29]} {[%emt 00:02:55]} 14. Qxc5 {[%clk 01:22:32]} {[%emt
00:01:34]} Bxe4 {[%clk 01:06:07]} {[%emt 00:02:51]} 15. Qxb6 {[%clk 01:22:48]}
{[%emt 00:00:15]} axb6 {[%clk 01:06:29]} {[%emt 00:00:07]} 16. c3 {[%clk
01:23:07]} {[%emt 00:00:11]} Bd5 {[%clk 01:05:01]} {[%emt 00:01:58]} 17. Bxd5
{[%clk 01:23:13]} {[%emt 00:00:24]} Nxd5 {[%clk 01:04:57]} {[%emt 00:00:33]}
18. Nd2 {[%clk 01:23:11]} {[%emt 00:00:33]} Kf7 {[%clk 01:03:09]} {[%emt
00:02:18]} 19. Nc4 {[%clk 01:22:50]} {[%emt 00:00:51]} Rhe8 {[%clk 01:02:29]}
{[%emt 00:01:10]} 20. Nd6+ {[%clk 01:23:13]} {[%emt 00:00:08]} Ke6 {[%clk
01:00:41]} {[%emt 00:02:17]} 21. Nxe8 {[%clk 01:23:37]} {[%emt 00:00:07]} Rxe8
{[%clk 01:00:45]} {[%emt 00:00:27]} 22. Re1+ {[%clk 01:24:05]} {[%emt
00:00:01]} Kd7 {[%clk 01:01:08]} {[%emt 00:00:07]} 23. Rxe8 {[%clk 01:24:27]}
{[%emt 00:00:07]} Kxe8 {[%clk 01:01:36]} {[%emt 00:00:01]} 24. Bd2 {[%clk
01:24:43]} {[%emt 00:00:14]} Na5 {[%clk 00:59:51]} {[%emt 00:02:15]} 25. b3
{[%clk 01:24:47]} {[%emt 00:00:27]} Nc6 {[%clk 00:59:40]} {[%emt 00:00:41]} 26.
Re1+ {[%clk 01:24:59]} {[%emt 00:00:18]} Kf7 {[%clk 00:58:09]} {[%emt
00:02:01]} 27. c4 {[%clk 01:25:22]} {[%emt 00:00:12]} Ndb4 {[%clk 00:56:58]}
{[%emt 00:01:37]} 28. Bxb4 {[%clk 01:25:42]} {[%emt 00:00:10]} Nxb4 {[%clk
00:57:24]} {[%emt 00:00:04]} 29. Re2 {[%clk 01:26:08]} {[%emt 00:00:04]} Nd3
{[%clk 00:57:19]} {[%emt 00:00:35]} 30. g3 {[%clk 01:26:19]} {[%emt 00:00:16]}
Kg6 {[%clk 00:57:13]} {[%emt 00:00:38]} 31. Kg2 {[%clk 01:26:24]} {[%emt
00:00:24]} Kf5 {[%clk 00:57:21]} {[%emt 00:00:23]} 32. Kf3 {[%clk 01:26:33]}
{[%emt 00:00:21]} g5 {[%clk 00:56:34]} {[%emt 00:01:17]} 33. g4+ {[%clk
01:26:49]} {[%emt 00:00:14]} Kg6 {[%clk 00:55:59]} 1-0

[Event "DVM U14 2023"]
[Site "Magdeburg GER"]
[Date "2023.12.28"]
[Round "4"]
[White "Li, Hewei"]
[Black "Lu, Yunong Elias"]
[Result "1-0"]
[Termination "normal"]
[Board "7.1"]
[WhiteElo "1838"]
[BlackElo "1809"]
[WhiteClock "00:33:16"]
[BlackClock "00:58:12"]
[WhiteTeam "Düsseldorfer SK 14/25"]
[BlackTeam "Hamburger SK 1830"]
[PlyCount "61"]
[WhiteFideId "34619763"]
[BlackFideId "16276426"]
[EventCountry "GER"]
[EventRounds "7"]
[EventType "team-swiss"]
[EventDate "2023.12.26"]

1. Nf3 {[%clk 01:30:56]} {[%emt 00:00:01]} c5 {[%clk 01:30:49]} {[%emt
00:00:13]} 2. g3 {[%emt 00:00:41]} Nf6 {[%clk 01:31:09]} {[%emt 00:00:07]} 3.
Bg2 {[%clk 01:31:11]} {[%emt 00:00:06]} d5 {[%clk 01:31:31]} {[%emt 00:00:08]}
4. O-O {[%clk 01:31:33]} {[%emt 00:00:08]} Nc6 {[%clk 01:31:47]} {[%emt
00:00:14]} 5. d4 {[%clk 01:32:00]} {[%emt 00:00:03]} cxd4 {[%clk 01:31:12]}
{[%emt 00:01:06]} 6. Nxd4 {[%clk 01:32:27]} {[%emt 00:00:02]} e6 {[%clk
01:29:16]} {[%emt 00:02:25]} 7. c4 {[%clk 01:32:56]} {[%emt 00:00:02]} Nxd4
{[%clk 01:23:29]} {[%emt 00:06:18]} 8. Qxd4 {[%clk 01:33:11]} {[%emt 00:00:14]}
Be7 {[%clk 01:22:33]} {[%emt 00:01:26]} 9. Nc3 {[%clk 01:33:26]} {[%emt
00:00:15]} dxc4 {[%clk 01:20:56]} {[%emt 00:02:07]} 10. Qxc4 {[%clk 01:33:13]}
{[%emt 00:00:43]} O-O {[%clk 01:19:20]} {[%emt 00:02:06]} 11. Rd1 {[%clk
01:33:32]} {[%emt 00:00:10]} Bd7 {[%clk 01:18:41]} {[%emt 00:01:09]} 12. Bxb7
{[%clk 01:32:26]} {[%emt 00:01:37]} Rb8 {[%clk 01:19:06]} {[%emt 00:00:04]} 13.
Bg2 {[%clk 01:32:40]} {[%emt 00:00:16]} Rb4 {[%clk 01:17:51]} {[%emt 00:01:45]}
14. Qd3 {[%clk 01:31:44]} {[%emt 00:01:26]} Qc7 {[%clk 01:18:10]} {[%emt
00:00:12]} 15. Bf4 {[%clk 01:29:43]} {[%emt 00:02:30]} e5 {[%clk 01:16:55]}
{[%emt 00:01:45]} 16. Bg5 {[%clk 01:28:09]} {[%emt 00:02:05]} Rd4 {[%clk
01:15:59]} {[%emt 00:01:25]} 17. Qc2 {[%clk 01:22:22]} {[%emt 00:06:17]} Be6
{[%clk 01:14:44]} {[%emt 00:01:45]} 18. e3 {[%clk 01:21:39]} {[%emt 00:01:12]}
Rb4 {[%clk 01:12:00]} {[%emt 00:03:14]} 19. Rac1 {[%clk 01:13:26]} {[%emt
00:08:44]} Rfb8 {[%clk 01:10:29]} {[%emt 00:02:00]} 20. b3 {[%clk 01:07:09]}
{[%emt 00:06:47]} Rc8 {[%clk 01:09:56]} {[%emt 00:01:02]} 21. Qd2 {[%clk
01:05:27]} {[%emt 00:02:13]} Qb8 {[%clk 01:09:28]} {[%emt 00:00:51]} 22. Bxf6
{[%clk 01:04:46]} {[%emt 00:01:19]} Bxf6 {[%clk 01:08:14]} {[%emt 00:01:44]}
23. Nd5 {[%clk 01:03:22]} {[%emt 00:01:54]} Rxc1 {[%clk 01:05:10]} {[%emt
00:03:34]} 24. Nxf6+ {[%clk 01:03:03]} {[%emt 00:00:50]} gxf6 {[%clk 01:05:35]}
{[%emt 00:00:05]} 25. Rxc1 {[%clk 01:02:47]} {[%emt 00:00:46]} a5 {[%clk
01:05:23]} {[%emt 00:00:42]} 26. Bd5 {[%clk 00:51:30]} {[%emt 00:11:47]} Bh3
{[%clk 01:00:47]} {[%emt 00:05:04]} 27. e4 {[%clk 00:44:31]} {[%emt 00:07:31]}
Kg7 {[%clk 00:59:58]} {[%emt 00:01:19]} 28. Qc3 {[%clk 00:38:06]} {[%emt
00:06:55]} Rd4 {[%clk 00:58:42]} {[%emt 00:01:46]} 29. g4 {[%clk 00:35:41]}
{[%emt 00:02:56]} Bxg4 {[%clk 00:57:43]} {[%emt 00:01:27]} 30. Qg3 {[%clk
00:34:05]} {[%emt 00:02:07]} f5 {[%clk 00:58:12]} {[%emt 00:00:02]} 31. h3
{[%clk 00:33:16]} {[%emt 00:01:19]} 1-0

[Event "DVM U14 2023"]
[Site "Magdeburg GER"]
[Date "2023.12.28"]
[Round "4"]
[White "Braun, Julian"]
[Black "Vartanian, Roman"]
[Result "1/2-1/2"]
[Termination "normal"]
[Board "7.2"]
[WhiteElo "1674"]
[BlackElo "1705"]
[WhiteClock "00:48:22"]
[BlackClock "00:36:39"]
[WhiteTeam "Hamburger SK 1830"]
[BlackTeam "Düsseldorfer SK 14/25"]
[PlyCount "119"]
[WhiteFideId "16289293"]
[BlackFideId "34140107"]
[EventCountry "GER"]
[EventRounds "7"]
[EventType "team-swiss"]
[EventDate "2023.12.26"]

1. e4 {[%clk 01:31:00]} c5 {[%clk 01:30:55]} {[%emt 00:00:05]} 2. Nc3 {[%clk
01:31:28]} {[%emt 00:00:01]} Nc6 {[%clk 01:31:13]} {[%emt 00:00:13]} 3. Nf3
{[%clk 01:31:56]} {[%emt 00:00:02]} g6 {[%clk 01:30:54]} {[%emt 00:00:48]} 4.
Bb5 {[%clk 01:32:22]} {[%emt 00:00:05]} Bg7 {[%clk 01:31:16]} {[%emt 00:00:08]}
5. O-O {[%clk 01:32:35]} {[%emt 00:00:16]} d6 {[%clk 01:31:27]} {[%emt
00:00:19]} 6. d3 {[%clk 01:32:33]} {[%emt 00:00:32]} Nf6 {[%clk 01:31:45]}
{[%emt 00:00:12]} 7. h3 {[%clk 01:32:35]} {[%emt 00:00:28]} O-O {[%clk
01:32:06]} {[%emt 00:00:09]} 8. Bxc6 {[%clk 01:32:52]} {[%emt 00:00:13]} bxc6
{[%clk 01:32:21]} {[%emt 00:00:15]} 9. Be3 {[%clk 01:33:05]} {[%emt 00:00:17]}
e5 {[%clk 01:32:01]} {[%emt 00:00:51]} 10. Qd2 {[%clk 01:32:22]} {[%emt
00:01:13]} Rb8 {[%clk 01:31:57]} {[%emt 00:00:34]} 11. Rab1 {[%clk 01:31:57]}
{[%emt 00:00:55]} Ne8 {[%clk 01:27:04]} {[%emt 00:05:22]} 12. Ne2 {[%emt
00:05:49]} Nc7 {[%clk 01:22:14]} {[%emt 00:05:19]} 13. b4 {[%clk 01:24:31]}
{[%emt 00:02:39]} cxb4 {[%clk 01:18:24]} {[%emt 00:04:20]} 14. Rxb4 {[%clk
01:23:40]} {[%emt 00:01:20]} Rxb4 {[%clk 01:17:41]} {[%emt 00:01:12]} 15. Qxb4
{[%clk 01:24:08]} {[%emt 00:00:03]} c5 {[%clk 01:18:01]} {[%emt 00:00:10]} 16.
Qa5 {[%clk 01:23:50]} {[%emt 00:00:48]} Na6 {[%clk 01:16:31]} {[%emt 00:02:00]}
17. Qxd8 {[%clk 01:23:21]} {[%emt 00:00:59]} Rxd8 {[%clk 01:16:55]} {[%emt
00:00:06]} 18. Rb1 {[%clk 01:23:22]} {[%emt 00:00:29]} Nb4 {[%clk 01:15:15]}
{[%emt 00:02:10]} 19. Rb2 {[%clk 01:22:31]} {[%emt 00:01:21]} Ba6 {[%clk
01:14:40]} {[%emt 00:01:04]} 20. a3 {[%clk 01:22:16]} {[%emt 00:00:46]} Nc6
{[%clk 01:12:07]} {[%emt 00:03:02]} 21. Nc3 {[%clk 01:20:16]} {[%emt 00:02:31]}
Rb8 {[%clk 01:12:02]} {[%emt 00:00:34]} 22. Rxb8+ {[%clk 01:19:30]} {[%emt
00:01:16]} Nxb8 {[%clk 01:12:29]} {[%emt 00:00:04]} 23. Nd5 {[%clk 01:19:21]}
{[%emt 00:00:38]} Bb7 {[%clk 01:11:40]} {[%emt 00:01:17]} 24. c4 {[%clk
01:18:03]} {[%emt 00:01:51]} Bxd5 {[%clk 01:11:45]} {[%emt 00:00:24]} 25. cxd5
{[%clk 01:18:31]} {[%emt 00:00:02]} Kf8 {[%clk 01:11:26]} {[%emt 00:00:49]} 26.
Kf1 {[%clk 01:17:59]} {[%emt 00:01:02]} Na6 {[%clk 01:09:33]} {[%emt 00:02:24]}
27. Nd2 {[%clk 01:17:15]} {[%emt 00:01:13]} Ke7 {[%clk 01:08:43]} {[%emt
00:01:20]} 28. Nc4 {[%clk 01:17:15]} {[%emt 00:00:31]} Nc7 {[%clk 01:08:32]}
{[%emt 00:00:41]} 29. Na5 {[%clk 01:16:50]} {[%emt 00:00:57]} a6 {[%clk
01:07:10]} {[%emt 00:01:49]} 30. Nc6+ {[%clk 01:14:07]} {[%emt 00:03:14]} Kd7
{[%clk 01:07:13]} {[%emt 00:00:27]} 31. Bd2 {[%clk 01:12:54]} {[%emt 00:01:43]}
f5 {[%clk 01:04:05]} {[%emt 00:03:37]} 32. f3 {[%clk 01:12:40]} {[%emt
00:00:44]} h6 {[%clk 01:02:44]} {[%emt 00:01:51]} 33. a4 {[%clk 01:11:44]}
{[%emt 00:01:27]} f4 {[%clk 01:01:49]} {[%emt 00:01:25]} 34. Ba5 {[%clk
01:10:46]} {[%emt 00:01:28]} Ne8 {[%clk 00:54:14]} {[%emt 00:08:03]} 35. Ke2
{[%clk 01:07:27]} {[%emt 00:03:50]} Bf6 {[%clk 00:53:12]} {[%emt 00:01:33]} 36.
Kd2 {[%clk 01:06:46]} {[%emt 00:01:11]} Bh4 {[%clk 00:48:28]} {[%emt 00:05:14]}
37. Kc2 {[%clk 01:06:55]} {[%emt 00:00:21]} Nc7 {[%clk 00:48:20]} {[%emt
00:00:38]} 38. Kb3 {[%clk 01:05:00]} {[%emt 00:02:25]} Kc8 {[%clk 00:46:57]}
{[%emt 00:01:51]} 39. Kc4 {[%clk 01:04:53]} {[%emt 00:00:38]} Bf6 {[%clk
00:47:08]} {[%emt 00:00:18]} 40. Be1 {[%clk 01:00:59]} {[%emt 00:04:24]} g5
{[%clk 00:45:31]} {[%emt 00:02:08]} 41. Bf2 {[%clk 00:58:33]} {[%emt 00:02:55]}
Ne8 {[%clk 00:44:21]} {[%emt 00:01:40]} 42. Na5 {[%clk 00:55:27]} {[%emt
00:03:36]} Bd8 {[%clk 00:44:12]} {[%emt 00:00:39]} 43. Nb3 {[%clk 00:54:49]}
{[%emt 00:01:09]} Be7 {[%clk 00:43:18]} {[%emt 00:01:23]} 44. Nd2 {[%clk
00:52:56]} {[%emt 00:02:23]} Bd8 {[%clk 00:42:48]} {[%emt 00:00:59]} 45. Nf1
{[%clk 00:52:27]} {[%emt 00:00:59]} Nf6 {[%clk 00:40:56]} {[%emt 00:02:23]} 46.
g3 {[%clk 00:51:18]} {[%emt 00:01:39]} Nh5 {[%clk 00:40:21]} {[%emt 00:01:05]}
47. g4 {[%clk 00:50:16]} {[%emt 00:01:32]} Nf6 {[%clk 00:40:30]} {[%emt
00:00:20]} 48. Nd2 {[%clk 00:49:22]} {[%emt 00:01:25]} Ba5 {[%clk 00:39:31]}
{[%emt 00:01:29]} 49. Nb3 {[%clk 00:49:29]} {[%emt 00:00:23]} Bc7 {[%clk
00:36:22]} {[%emt 00:03:39]} 50. Be1 {[%clk 00:49:20]} {[%emt 00:00:39]} Nd7
{[%clk 00:35:44]} {[%emt 00:01:07]} 51. Ba5 {[%clk 00:47:50]} {[%emt 00:02:01]}
Nb6+ {[%clk 00:34:52]} {[%emt 00:01:22]} 52. Bxb6 {[%clk 00:47:52]} {[%emt
00:00:28]} Bxb6 {[%clk 00:35:18]} {[%emt 00:00:05]} 53. a5 {[%clk 00:47:39]}
{[%emt 00:00:43]} Bc7 {[%clk 00:35:22]} {[%emt 00:00:25]} 54. Kc3 {[%clk
00:47:31]} {[%emt 00:00:37]} Kb7 {[%clk 00:35:36]} {[%emt 00:00:17]} 55. Kb2
{[%clk 00:47:36]} {[%emt 00:00:25]} Ka7 {[%clk 00:35:44]} {[%emt 00:00:21]} 56.
Ka3 {[%clk 00:47:46]} {[%emt 00:00:21]} Kb7 {[%clk 00:36:05]} {[%emt 00:00:09]}
57. Ka4 {[%clk 00:48:04]} {[%emt 00:00:11]} Ka7 {[%clk 00:36:15]} {[%emt
00:00:20]} 58. Nd2 {[%clk 00:48:04]} {[%emt 00:00:30]} Kb7 {[%clk 00:36:31]}
{[%emt 00:00:14]} 59. Nc4 {[%clk 00:48:22]} {[%emt 00:00:12]} Ka7 {[%clk
00:36:39]} {[%emt 00:00:22]} 60. Ka3 {[%emt 00:01:53]} 1/2-1/2

[Event "DVM U14 2023"]
[Site "Magdeburg GER"]
[Date "2023.12.28"]
[Round "4"]
[White "Krstovic, Marko"]
[Black "Dorendorf, Mika"]
[Result "0-1"]
[Termination "normal"]
[Board "7.3"]
[WhiteElo "1455"]
[BlackElo "1698"]
[WhiteClock "01:20:37"]
[BlackClock "01:43:59"]
[WhiteTeam "Düsseldorfer SK 14/25"]
[BlackTeam "Hamburger SK 1830"]
[PlyCount "97"]
[WhiteFideId "16278003"]
[BlackFideId "16283066"]
[EventCountry "GER"]
[EventRounds "7"]
[EventType "team-swiss"]
[EventDate "2023.12.26"]

1. d4 {[%clk 01:30:59]} {[%emt 00:00:01]} d5 {[%clk 01:30:51]} {[%emt
00:00:09]} 2. Bf4 {[%clk 01:31:25]} {[%emt 00:00:05]} Nf6 {[%clk 01:31:12]}
{[%emt 00:00:07]} 3. e3 {[%clk 01:31:52]} {[%emt 00:00:05]} c5 {[%clk
01:31:38]} {[%emt 00:00:04]} 4. c3 {[%clk 01:32:12]} {[%emt 00:00:10]} Nc6
{[%clk 01:32:04]} {[%emt 00:00:03]} 5. Nf3 {[%clk 01:32:36]} {[%emt 00:00:07]}
Qb6 {[%clk 01:32:31]} {[%emt 00:00:02]} 6. Qc2 {[%clk 01:32:56]} {[%emt
00:00:10]} Bf5 {[%clk 01:33:00]} {[%emt 00:00:01]} 7. Qb3 {[%clk 01:33:05]}
{[%emt 00:00:21]} c4 {[%clk 01:33:28]} {[%emt 00:00:02]} 8. Qxb6 {[%clk
01:33:23]} {[%emt 00:00:12]} axb6 {[%clk 01:33:55]} {[%emt 00:00:03]} 9. Na3
{[%clk 01:33:34]} {[%emt 00:00:19]} Na7 {[%clk 01:34:20]} {[%emt 00:00:05]} 10.
Nh4 {[%clk 01:32:49]} {[%emt 00:01:15]} Bg6 {[%clk 01:34:25]} {[%emt 00:00:26]}
11. Nxg6 {[%clk 01:33:04]} {[%emt 00:00:16]} hxg6 {[%clk 01:34:50]} {[%emt
00:00:04]} 12. Nc2 {[%clk 01:32:24]} {[%emt 00:01:09]} b5 {[%clk 01:35:09]}
{[%emt 00:00:12]} 13. a4 {[%emt 00:02:11]} bxa4 {[%clk 01:34:20]} 14. Rxa4
{[%clk 01:32:25]} {[%emt 00:00:07]} e6 {[%clk 01:33:48]} {[%emt 00:01:02]} 15.
Na3 {[%clk 01:31:59]} {[%emt 00:00:57]} Bxa3 {[%clk 01:33:53]} {[%emt
00:00:25]} 16. Rxa3 {[%clk 01:32:10]} {[%emt 00:00:18]} O-O {[%clk 01:33:53]}
{[%emt 00:00:30]} 17. Be2 {[%clk 01:31:43]} {[%emt 00:00:58]} Nc6 {[%clk
01:34:10]} {[%emt 00:00:13]} 18. O-O {[%clk 01:31:17]} {[%emt 00:00:56]} Rxa3
{[%clk 01:33:47]} {[%emt 00:00:53]} 19. bxa3 {[%clk 01:31:34]} {[%emt
00:00:13]} Ra8 {[%clk 01:33:52]} {[%emt 00:00:25]} 20. Bd6 {[%clk 01:31:56]}
{[%emt 00:00:12]} Ne4 {[%clk 01:34:21]} 21. Bb4 {[%clk 01:30:01]} {[%emt
00:02:23]} Nxb4 {[%clk 01:34:46]} {[%emt 00:00:05]} 22. axb4 {[%clk 01:27:40]}
{[%emt 00:02:50]} Nxc3 {[%clk 01:35:08]} {[%emt 00:00:08]} 23. Bd1 {[%clk
01:26:10]} {[%emt 00:02:01]} Na2 {[%clk 01:34:44]} {[%emt 00:00:54]} 24. Be2
{[%clk 01:24:41]} {[%emt 00:02:00]} Nxb4 {[%clk 01:34:01]} {[%emt 00:01:13]}
25. Rb1 {[%clk 01:24:47]} {[%emt 00:00:24]} c3 {[%clk 01:34:29]} {[%emt
00:00:03]} 26. Rc1 {[%clk 01:24:21]} {[%emt 00:00:55]} c2 {[%clk 01:34:37]}
{[%emt 00:00:21]} 27. Bb5 {[%clk 01:23:03]} {[%emt 00:01:49]} Ra2 {[%clk
01:34:51]} {[%emt 00:00:15]} 28. Kf1 {[%clk 01:22:06]} {[%emt 00:01:27]} Rb2
{[%clk 01:35:06]} {[%emt 00:00:15]} 29. Ke2 {[%clk 01:16:55]} {[%emt 00:05:41]}
Na2 {[%clk 01:35:27]} {[%emt 00:00:09]} 30. Kd2 {[%clk 01:14:23]} {[%emt
00:03:02]} Nxc1 {[%clk 01:35:47]} {[%emt 00:00:10]} 31. Kxc1 {[%clk 01:14:46]}
{[%emt 00:00:07]} Rxb5 {[%clk 01:36:16]} 32. Kxc2 {[%clk 01:15:06]} {[%emt
00:00:12]} Kf8 {[%clk 01:36:42]} {[%emt 00:00:04]} 33. f3 {[%clk 01:15:27]}
{[%emt 00:00:09]} Ke7 {[%clk 01:37:11]} 34. g4 {[%clk 01:15:47]} {[%emt
00:00:10]} Kd6 {[%clk 01:37:40]} {[%emt 00:00:02]} 35. f4 {[%clk 01:16:10]}
{[%emt 00:00:07]} Ra5 {[%clk 01:38:05]} {[%emt 00:00:04]} 36. h4 {[%clk
01:16:33]} {[%emt 00:00:07]} Ra2+ {[%clk 01:38:34]} 37. Kd3 {[%clk 01:16:50]}
{[%emt 00:00:13]} Rh2 {[%clk 01:39:04]} 38. h5 {[%clk 01:16:55]} {[%emt
00:00:25]} gxh5 {[%clk 01:39:33]} 39. gxh5 {[%clk 01:17:15]} {[%emt 00:00:10]}
Rh1 {[%clk 01:40:01]} {[%emt 00:00:02]} 40. e4 {[%clk 01:17:31]} {[%emt
00:00:13]} dxe4+ {[%clk 01:40:28]} {[%emt 00:00:03]} 41. Kxe4 {[%clk 01:17:51]}
{[%emt 00:00:13]} b5 {[%clk 01:40:56]} 42. d5 {[%clk 01:18:12]} {[%emt
00:00:09]} b4 {[%clk 01:41:25]} {[%emt 00:00:01]} 43. dxe6 {[%clk 01:18:21]}
{[%emt 00:00:20]} fxe6 {[%clk 01:41:53]} {[%emt 00:00:02]} 44. f5 {[%clk
01:18:41]} {[%emt 00:00:10]} exf5+ {[%clk 01:42:16]} {[%emt 00:00:07]} 45. Kxf5
{[%clk 01:19:04]} {[%emt 00:00:07]} b3 {[%clk 01:42:42]} {[%emt 00:00:04]} 46.
Kg6 {[%clk 01:19:27]} {[%emt 00:00:07]} Rxh5 {[%clk 01:43:07]} {[%emt
00:00:06]} 47. Kxh5 {[%clk 01:19:51]} {[%emt 00:00:05]} b2 {[%clk 01:43:34]}
{[%emt 00:00:03]} 48. Kg6 {[%clk 01:20:12]} {[%emt 00:00:09]} b1=Q {[%clk
01:43:59]} {[%emt 00:00:06]} 49. Kxg7 {[%clk 01:20:37]} {[%emt 00:00:04]} 0-1